000 00570nac a22001931u 4500
020 _a8174091041
082 _a624.15136
_bGAR
090 _c2926
_d2926
100 _aGarg ,S.K.
245 _aSoil Mechanics and Foundation Engineering /
_bS.K.Grag.
250 _a6th ed. :
_bRevised ed.
260 _aDelhi;
_bKhanna Publisher,
_cc2005.
300 _a1199p.
_c25cm.
504 _aIncludes Index.
650 _asoil mechanics
650 _afoundation engineering .
700 _aGarg ,S.K.
942 _cBB
_k624.15136GAR
999 _c2926
_d2926